<?xml version="1.0" encoding="UTF-8"?>
<record
    xmlns:xsi="http://www.w3.org/2001/XMLSchema-instance"
    xsi:schemaLocation="http://www.loc.gov/MARC21/slim http://www.loc.gov/standards/marcxml/schema/MARC21slim.xsd"
    xmlns="http://www.loc.gov/MARC21/slim">

  <leader>02159nam a2200253uu 4500</leader>
  <controlfield tag="001">1054062</controlfield>
  <controlfield tag="005">20260507082310.0</controlfield>
  <controlfield tag="008">071027s2006                        spa  </controlfield>
  <datafield tag="020" ind1=" " ind2=" ">
    <subfield code="a">8441520097</subfield>
  </datafield>
  <datafield tag="035" ind1=" " ind2=" ">
    <subfield code="a">1054062</subfield>
  </datafield>
  <datafield tag="035" ind1=" " ind2=" ">
    <subfield code="a">(OCoLC)71255498</subfield>
  </datafield>
  <datafield tag="040" ind1=" " ind2=" ">
    <subfield code="c">comduadb</subfield>
  </datafield>
  <datafield tag="041" ind1=" " ind2=" ">
    <subfield code="a">spa</subfield>
  </datafield>
  <datafield tag="082" ind1=" " ind2="4">
    <subfield code="a">005</subfield>
  </datafield>
  <datafield tag="100" ind1="1" ind2="0">
    <subfield code="a">Oppleman, Victor</subfield>
    <subfield code="4">aut</subfield>
    <subfield code="e">aut</subfield>
    <subfield code="9">448691</subfield>
  </datafield>
  <datafield tag="245" ind1="1" ind2="0">
    <subfield code="a">Extreme exploits</subfield>
  </datafield>
  <datafield tag="260" ind1=" " ind2=" ">
    <subfield code="a">Barcelona :</subfield>
    <subfield code="b">Anaya Multimedia,</subfield>
    <subfield code="c">2006.</subfield>
  </datafield>
  <datafield tag="300" ind1=" " ind2=" ">
    <subfield code="a">544 p&#xE1;ginas :</subfield>
    <subfield code="b">ilustraciones</subfield>
  </datafield>
  <datafield tag="505" ind1=" " ind2=" ">
    <subfield code="a">CONTENIDO : Pr&#xF3;logo. -- Introducci&#xF3;n. -- PARTE I: Infraestructura central de internet para profesionales de la seguridad. -- Cap&#xED;tulo 1: Infraestructura de internet para profesionales de la seguridad. -- Cap&#xED;tulo 2: Pr&#xE1;cticas de seguridad de los ISP: los hechos y la ficci&#xF3;n. -- Cap&#xED;tulo 3: Seguridad del sistema de nombres de dominio -- PARTE II: Defensa del per&#xED;metro e infraestructura cr&#xED;tica de internet. -- Cap&#xED;tulo 4: Conectividad fiable. -- Cap&#xED;tulo 5: Seguridad del per&#xED;metro. -- Cap&#xED;tulo 6: Redefinici&#xF3;n de la DMZ: protecci&#xF3;n de sistemas cr&#xED;ticos. -- Cap&#xED;tulo 7: Detecci&#xF3;n y prevenci&#xF3;n de intrusiones. -- Cap&#xED;tulo 8: Pasarelas de correo electr&#xF3;nico, filtros y redundancia. -- Cap&#xED;tulo 9: Fuga de datos: aprovechando el tr&#xE1;fico de salida. -- Cap&#xED;tulo 10: Sumidores y dispersi&#xF3;n de retorno. -- Cap&#xED;tulo 11: Protecci&#xF3;n de redes inal&#xE1;mbricas. -- PARTE III: Asesor&#xED;as de vulnerabilidad de red. -- Cap&#xED;tulo 12: Administraci&#xF3;n de vulnerabilidades y parches. -- Cap&#xED;tulo 13: Una metodolog&#xED;a ganadora para las asesor&#xED;as de vulnerabilidad. -- Cap&#xED;tulo 14: Ejecuci&#xF3;n de la asesor&#xED;a parte I. -- Cap&#xED;tulo 15: Ejecuci&#xF3;n de la asesor&#xED;a parte II. -- PARTE IV: Dise&#xF1;o de contramedidas para las amenazas del ma&#xF1;ana. -- Cap&#xED;tulo 16: Explotaci&#xF3;n de t&#xE9;cnicas forenses digitales. -- Cap&#xED;tulo 17: Virus, gusanos, troyanos y otro c&#xF3;digo malicioso. -- Cap&#xED;tulo 18: Explotaci&#xF3;n del software. -- PARTE V: Ap&#xE9;ndice. -- &#xCD;ndice alfab&#xE9;tico.</subfield>
  </datafield>
  <datafield tag="650" ind1=" " ind2="7">
    <subfield code="a">Seguridad en computadores</subfield>
    <subfield code="2">lemb</subfield>
    <subfield code="9">63226</subfield>
  </datafield>
  <datafield tag="700" ind1="1" ind2="0">
    <subfield code="a">Friedrichs, Oliver</subfield>
    <subfield code="4">aut</subfield>
    <subfield code="e">aut</subfield>
    <subfield code="9">448693</subfield>
  </datafield>
  <datafield tag="700" ind1="1" ind2="0">
    <subfield code="a">Watson, Brett</subfield>
    <subfield code="4">aut</subfield>
    <subfield code="e">aut</subfield>
    <subfield code="9">586224</subfield>
  </datafield>
  <datafield tag="942" ind1=" " ind2=" ">
    <subfield code="c">BOOK</subfield>
  </datafield>
  <datafield tag="999" ind1=" " ind2=" ">
    <subfield code="c">435262</subfield>
    <subfield code="d">435262</subfield>
  </datafield>
  <datafield tag="952" ind1=" " ind2=" ">
    <subfield code="0">0</subfield>
    <subfield code="1">0</subfield>
    <subfield code="4">0</subfield>
    <subfield code="7">0</subfield>
    <subfield code="8">GEN</subfield>
    <subfield code="a">BC</subfield>
    <subfield code="b">BC</subfield>
    <subfield code="d">2007-10-27</subfield>
    <subfield code="e">CIS (Corporacion Interuniversitaria de Servicios)</subfield>
    <subfield code="g">149600.00</subfield>
    <subfield code="i">C970326</subfield>
    <subfield code="l">0</subfield>
    <subfield code="o">005.8 O62</subfield>
    <subfield code="p">0712651</subfield>
    <subfield code="r">2023-04-27 00:00:00</subfield>
    <subfield code="t">1</subfield>
    <subfield code="w">2023-04-27</subfield>
    <subfield code="y">BOOK</subfield>
  </datafield>
</record>
